Normal view
MARC view
- Hoffman, K. O
Entry Personal Name
001 - CONTROL NUMBER
- control field: 100258
003 - CONTROL NUMBER IDENTIFIER
- control field: NUST
005 - DATE AND TIME OF LATEST TRANSACTION
- control field: 20221014094700.0
008 - FIXED-LENGTH DATA ELEMENTS
- fixed length control field: 221014|| aca||aabn | a|a d
040 ## - CATALOGING SOURCE
- Original cataloging agency: NUST
- Transcribing agency: NUST
100 ## - HEADING--PERSONAL NAME
- Personal name: Hoffman, K. O
670 ## - SOURCE DATA FOUND
- Source citation: Work cat.: (NUST)183054: Hoffman, K. O., Blueprint reading /, c1983.
